| 000 | 00398cam a22001217a 4500 | ||
|---|---|---|---|
| 008 | 180718b1963 xxu||||| |||| 00| 0 eng d | ||
| 082 | _aT16x5 In8 | ||
| 245 |
_aCooperative leadership in South- East Asia _cby International Cooperative Allianace, Maharashtra |
||
| 260 |
_aBombay _bAsia _c1963 |
||
| 300 | _ax,134p. | ||
| 650 | _aCooperative | ||
| 700 | _aMaharashtra.International Cooperative Allianace | ||
| 999 |
_c435026 _d435026 |
||